| 000 | 00819cab a2200253 4500 | ||
|---|---|---|---|
| 001 | ABS58737 | ||
| 008 | 090401t1998 xxu||||| |||| 00| 0 eng d | ||
| 035 | _a(Sirsi) u86608 | ||
| 041 | _aeng | ||
| 100 | _aPhilippsohn, S. | ||
| 245 | _aEnforcement of repairing covenants | ||
| 260 | _c1998 | ||
| 350 | _a0 | ||
| 490 |
_aSolicitors` Journal _v142(20) 22 May 1998, 476-477(2) |
||
| 520 | _aReviews the decision in "Rainbow Estates Ltd v Tokenhold Ltd" where a tenant`s repairing covenant was specifically enforced. | ||
| 650 | _aLEASEHOLD PROPERTY (REPAIRS) ACT 1938 | ||
| 650 | _aRAINBOW ESTATES LTD V TOKENHOLD LTD | ||
| 650 | _aREMEDIATION | ||
| 650 | _aREPAIRING COVENANTS | ||
| 650 | _aSPECIFIC PERFORMANCE | ||
| 690 | _aLANDLORD AND TENANT-BUSINESS TENANCIES | ||
| 942 | _n0 | ||
| 948 | _c05/06/1998 | ||
| 999 |
_c54532 _d54532 |
||